Statistiche per Film: riconosci il titolo italiano dall'originale

Clicka qui per fare il quiz!

Statistiche generali

  • Questo quiz è stato fatto 23 volte
  • Il punteggio medio è 5 su 15

Statistiche sulle risposte

HintRisposta% Corretto
Jaws (1975)Lo squalo
95%
Home Alone (1990)Mamma ho perso l'aereo
90%
The Hangover (2009)Una notte da leoni
60%
Dead Poets Society (1989)L'attimo fuggente
50%
Eternal Sunshine of the Spotless Mind (2004)Se mi lasci ti cancello
35%
The Shawshank Redemption (1994)Le ali della libertà
30%
Intouchables (2011)Quasi amici
30%
Bruce Almighty (2003)Una settimana da Dio
30%
Silver Linings Playbook (2012)Il lato positivo
20%
500 days of Summer (2009)500 giorni insieme
15%
Gone Girl (2014)L’amore bugiardo
15%
The Perks of Being a Wallflower (2012)Noi siamo infinito
10%
The Descendants (2011)Paradiso amaro
5%
Rise of the Guardians (2012)Le 5 leggende
0%
Pitch Perfect (2012)Voices
0%

Distribuzione punteggi

Percentile per numero di risposta

Percentuale di utenti per punteggio

I tuoi punteggi nel tempo

Non hai fatto questo quiz